Mathematisch-statistische Untersuchungen über die Erlang-Verteilung /
Guardado en:
| Autor Principal: | |
|---|---|
| Formato: | Libro |
| Idioma: | German |
| Publicado: |
Köln :
Westdeutscher Verlag,
1969.
|
| Series: | Forschungsberichte des Landes Nordrhein-Westfalen ;
Nr. 1997 |
| Etiquetas: |
Agregar Etiqueta
Sin Etiquetas, Sea el primero en etiquetar este registro!
|
| LEADER | 00585nam a22001695 4500 | ||
|---|---|---|---|
| 001 | MAT.inmabb001860 | ||
| 008 | 851011s1969####gw#a#####b####000#0#ger#d | ||
| 005 | 20170519142102.0 | ||
| 245 | 1 | 0 | |a Mathematisch-statistische Untersuchungen über die Erlang-Verteilung / |c Klaus Heinz. |
| 260 | |a Köln : |b Westdeutscher Verlag, |c 1969. | ||
| 300 | |a 73 p. : |b il. ; |c 24 cm. | ||
| 440 | 0 | |a Forschungsberichte des Landes Nordrhein-Westfalen ; |v Nr. 1997 | |
| 504 | |a Bibliografía: p. 42-43. | ||
| 100 | 1 | |a Heinz, Klaus. | |
| 084 | |a 60E05 |2 MR | ||
| 010 | |a 78410091 | ||
| 859 | |h 60 |i H472 |p A-3318 |b BIB. MATEMATICA | ||
